[Event "ARG-ch sf 92nd"]
[Site "Buenos Aires"]
[Date "2017.07.17"]
[Round "9.8"]
[White "Villegas, Franco"]
[Black "Julia, Ernesto"]
[Result "1-0"]
[WhiteElo "2292"]
[BlackElo "2379"]
[PlyCount "39"]
[EventDate "2017.07.10"]
[EventType "swiss"]
[EventRounds "9"]
[EventCountry "ARG"]
[SourceTitle "EXT 2018"]
[Source "ChessBase"]
[SourceDate "2017.10.13"]
[SourceVersion "1"]
[SourceVersionDate "2017.10.13"]
[SourceQuality "1"]

1. e4 e6 2. d4 d5 3. Nd2 c5 4. exd5 Qxd5 5. Ngf3 cxd4 6. Bc4 Qd6 7. 0-0 Nc6 8. Nb3 a6 9. Nbxd4 Nxd4 10. Nxd4 Nf6 11. c3 Qc7 12. Bd3 Bd6 13. h3 b6 14. Re1 0-0 15. Bg5 Bb7 16. Bxf6 gxf6 17. Qh5 f5 18. Bxf5 exf5 19. Qg5+ Kh8 20. Qf6+ 1-0

[Event "ARG-ch sf 92nd"]
[Site "Buenos Aires"]
[Date "2017.07.16"]
[Round "8.3"]
[White "Julia, Ernesto"]
[Black "Real de Azua, Ernesto"]
[Result "0-1"]
[WhiteElo "2379"]
[BlackElo "2482"]
[PlyCount "72"]
[EventDate "2017.07.10"]
[EventType "swiss"]
[EventRounds "9"]
[EventCountry "ARG"]
[SourceTitle "EXT 2018"]
[Source "ChessBase"]
[SourceDate "2017.10.13"]
[SourceVersion "1"]
[SourceVersionDate "2017.10.13"]
[SourceQuality "1"]

1. g3 d5 2. Bg2 g6 3. c4 dxc4 4. Qa4+ c6 5. Qxc4 Bg7 6. Nf3 e5 7. d3 Ne7 8. 0-0 0-0 9. e4 Na6 10. Be3 Be6 11. Qc3 c5 12. Nbd2 Nc6 13. Bxc5 Nxc5 14. Qxc5 Qxd3 15. Rfd1 Rfd8 16. Bf1 Qd7 17. Bc4 Nd4 18. Nxd4 exd4 19. Bxe6 Qxe6 20. Qb5 d3 21. Qb3 Rac8 22. Rab1 Qg4 23. Nf1 Qxe4 24. Re1 Qf5 25. Ne3 Qf3 26. Rbd1 d2 27. Rf1 Qe4 28. Rb1 h5 29. Qd1 Rd3 30. Ng2 Bh6 31. f4 Bg7 32. Kh1 Re3 33. Rf2 Re1+ 34. Qxe1 dxe1Q+ 35. Rxe1 Qd5 36. Rfe2 Rc2 0-1

[Event "ARG-ch sf 92nd"]
[Site "Buenos Aires"]
[Date "2017.07.15"]
[Round "6"]
[White "Sosa, Tomas Sebastian"]
[Black "Julia, Ernesto"]
[Result "1-0"]
[WhiteElo "2465"]
[BlackElo "2379"]
[PlyCount "161"]
[EventDate "2017.07.10"]
[EventType "swiss"]
[EventRounds "9"]
[EventCountry "ARG"]
[SourceTitle "EXT 2018"]
[Source "ChessBase"]
[SourceDate "2017.10.13"]
[SourceVersion "1"]
[SourceVersionDate "2017.10.13"]
[SourceQuality "1"]

1. e4 e6 2. d4 d5 3. Nd2 c5 4. exd5 Qxd5 5. Ngf3 cxd4 6. Bc4 Qd6 7. 0-0 Nc6 8. Nb3 a6 9. Nbxd4 Nxd4 10. Nxd4 Nf6 11. c3 Qc7 12. Bd3 Bd6 13. h3 h6 14. Qf3 Bd7 15. Re1 Bc6 16. Nxc6 Qxc6 17. Qxc6+ bxc6 18. b4 Kd7 19. Bd2 Kc7 20. c4 Rhd8 21. Rad1 Rd7 22. Bc3 Rad8 23. Bc2 Kb7 24. Kf1 Bf8 25. Rb1 Ne8 26. b5 cxb5 27. cxb5 Nf6 28. bxa6+ Kxa6 29. Re5 Rd5 30. Bd3+ Ka7 31. Bd4+ Ka8 32. Bb5 Rc8 33. Be2 Rb8 34. Rd1 Rxe5 35. Bxe5 Re8 36. Bf3+ Nd5 37. Bxd5+ exd5 38. Rxd5 f6 39. Bd4 Kb7 40. Rd7+ Kc6 41. Rf7 Kd5 42. Be3 Ke6 43. Ra7 f5 44. Ke2 g5 45. Ra6+ Bd6 46. Kd3 Kd5 47. Ra5+ Ke6 48. Bd4 h5 49. a4 g4 50. hxg4 hxg4 51. Rb5 Ra8 52. a5 Bc7 53. Bc3 Rd8+ 54. Kc4 f4 55. Rb7 Rc8 56. Kd3 Kd5 57. Rb5+ Kc6 58. Rg5 g3 59. f3 Rd8+ 60. Kc4 Rd1 61. Rg6+ Kb7 62. a6+ Ka8 63. Bd4 Rc1+ 64. Kd5 Bb8 65. Rc6 Re1 66. Re6 Rc1 67. Rc6 Re1 68. Rc8 Re8 69. Rc2 Rd8+ 70. Ke4 Re8+ 71. Kf5 Rf8+ 72. Bf6 Re8 73. Bd4 Rf8+ 74. Bf6 Re8 75. Rd2 Ka7 76. Rd8 Re2 77. Bd4+ Kxa6 78. Rxb8 Rxg2 79. Kxf4 Rd2 80. Rb6+ Ka7 81. Rd6+ 1-0

[Event "ARG-ch sf 92nd"]
[Site "Buenos Aires"]
[Date "2017.07.13"]
[Round "4"]
[White "Hoffman, Alejandro"]
[Black "Julia, Ernesto"]
[Result "1/2-1/2"]
[WhiteElo "2503"]
[BlackElo "2379"]
[PlyCount "72"]
[EventDate "2017.07.10"]
[EventType "swiss"]
[EventRounds "9"]
[EventCountry "ARG"]
[SourceTitle "EXT 2018"]
[Source "ChessBase"]
[SourceDate "2017.10.13"]
[SourceVersion "1"]
[SourceVersionDate "2017.10.13"]
[SourceQuality "1"]

1. d4 Nf6 2. c4 e6 3. Nc3 Bb4 4. e3 0-0 5. Bd3 d5 6. cxd5 exd5 7. Nge2 b6 8. 0-0 c5 9. a3 Bxc3 10. bxc3 Ba6 11. Bxa6 Nxa6 12. f3 cxd4 13. cxd4 Re8 14. Qd3 Qc8 15. Bd2 Qb7 16. a4 Nc7 17. Rfb1 Rab8 18. Nc3 Re6 19. Rb4 Nce8 20. a5 Qe7 21. Rab1 g6 22. Ne2 Rc6 23. Be1 Nd6 24. Bg3 Re8 25. axb6 axb6 26. Rxb6 Rxb6 27. Rxb6 Nc4 28. Rb3 Nxe3 29. Nc3 Qa7 30. Bf2 Nf5 31. g4 Ne7 32. Bh4 Kg7 33. Bxf6+ Kxf6 34. Qe3 Kg7 35. Rb1 Rd8 36. Ne2 Nc6 1/2-1/2

[Event "ARG-ch sf"]
[Site "Vicente Lopez"]
[Date "2016.07.02"]
[Round "9"]
[White "Paveto, Kevin"]
[Black "Julia, Ernesto"]
[Result "0-1"]
[WhiteElo "2448"]
[BlackElo "2359"]
[PlyCount "152"]
[EventDate "2016.06.25"]
[EventType "swiss"]
[EventRounds "9"]
[EventCountry "ARG"]
[SourceTitle "CBM 173 Extra"]
[Source "ChessBase"]
[SourceDate "2016.08.29"]
[SourceVersion "1"]
[SourceVersionDate "2016.08.29"]
[SourceQuality "1"]

1. e4 Nc6 2. Nf3 e5 3. Bb5 Bc5 4. d3 d6 5. c3 a6 6. Ba4 Nf6 7. 0-0 0-0 8. h3 Ne7 9. d4 Ba7 10. Re1 Ng6 11. Nbd2 b5 12. Bc2 Bb7 13. Nf1 Re8 14. Ng3 d5 15. Nxe5 Nxe5 16. dxe5 Nxe4 17. Nxe4 dxe4 18. Qxd8 Raxd8 19. Bf4 f5 20. Bg5 Rd7 21. Red1 Bc8 22. Bb3+ Kf8 23. Bf4 Bb6 24. a4 h6 25. h4 Ke7 26. a5 Ba7 27. h5 Rxd1+ 28. Bxd1 Rd8 29. Be2 Be6 30. Kf1 g6 31. Rc1 Bc4 32. Bxc4 bxc4 33. Ra1 Rb8 34. Ra4 Rxb2 35. Be3 Bxe3 36. fxe3 c5 37. Rxc4 Rb5 38. Ra4 Ke6 39. c4 Rb1+ 40. Kf2 Rb2+ 41. Kf1 Kxe5 42. Ra1 f4 43. Rd1 fxe3 44. Rd5+ Kf4 45. Rxc5 e2+ 46. Kf2 e1Q+ 47. Kxe1 Ke3 48. Kd1 Rd2+ 49. Kc1 Rxg2 50. Rc8 Rg5 51. c5 Rxh5 52. Kc2 Rf5 53. Kc3 g5 54. Kc4 g4 55. Rg8 h5 56. c6 Rf1 57. Kc5 Rc1+ 58. Kb6 Kf4 59. c7 g3 60. c8Q Rxc8 61. Rxc8 h4 62. Rf8+ Ke3 63. Kxa6 g2 64. Rg8 h3 65. Kb7 h2 66. Rxg2 h1Q 67. Rb2 Qh7+ 68. Ka8 Qg8+ 69. Ka7 Qg7+ 70. Rb7 Qd4+ 71. Rb6 Kf4 72. a6 e3 73. Kb7 e2 74. a7 e1Q 75. a8Q Qd7+ 76. Ka6 Qa1# 0-1

[Event "ARG-ch sf"]
[Site "Vicente Lopez"]
[Date "2016.06.27"]
[Round "4"]
[White "Julia, Ernesto"]
[Black "Torres, Federico"]
[Result "1/2-1/2"]
[WhiteElo "2359"]
[BlackElo "2174"]
[PlyCount "67"]
[EventDate "2016.06.25"]
[EventType "swiss"]
[EventRounds "9"]
[EventCountry "ARG"]
[SourceTitle "CBM 173 Extra"]
[Source "ChessBase"]
[SourceDate "2016.08.29"]
[SourceVersion "1"]
[SourceVersionDate "2016.08.29"]
[SourceQuality "1"]

1. Nf3 d5 2. d4 Nf6 3. c4 e6 4. g3 c6 5. Bg2 Be7 6. 0-0 0-0 7. Nbd2 Nbd7 8. Qc2 b6 9. e4 Ba6 10. Re1 Nxe4 11. Nxe4 dxe4 12. Rxe4 c5 13. Bf4 Rc8 14. Rd1 Bb7 15. Ree1 cxd4 16. Ng5 Bxg5 17. Bxb7 Bf6 18. Bxc8 Qxc8 19. Bd6 Rd8 20. b4 Qc6 21. c5 bxc5 22. bxc5 Nb6 23. Be5 Rd5 24. Bxf6 gxf6 25. Re4 Rxc5 26. Rg4+ Kf8 27. Qxh7 e5 28. Rg7 Qd5 29. Qh8+ Ke7 30. Qb8 Nd7 31. Qxa7 Ra5 32. Qc7 Rc5 33. Qa7 Ra5 34. Qc7 1/2-1/2

[Event "Wch Seniors 50 25th"]
[Site "Acqui Terme"]
[Date "2015.11.18"]
[Round "8"]
[White "Julia, Ernesto"]
[Black "Izquierdo, Daniel"]
[Result "1-0"]
[WhiteElo "2356"]
[BlackElo "2161"]
[PlyCount "99"]
[EventDate "2015.11.10"]
[EventType "swiss"]
[EventRounds "11"]
[EventCountry "ITA"]
[SourceTitle "CBM 169 Extra"]
[Source "ChessBase"]
[SourceDate "2015.12.18"]
[SourceVersion "1"]
[SourceVersionDate "2015.12.18"]
[SourceQuality "1"]

1. Nf3 g6 2. g3 Bg7 3. d4 f5 4. Bg2 Nf6 5. 0-0 0-0 6. c3 Qe8 7. Nbd2 Nc6 8. b4 d6 9. Qb3+ e6 10. b5 Nd8 11. a4 Nf7 12. Ba3 Kh8 13. a5 e5 14. dxe5 Nxe5 15. Nd4 Rb8 16. Rfe1 Bd7 17. f4 Neg4 18. e4 fxe4 19. Nxe4 Qc8 20. Ng5 Nh6 21. Nge6 Re8 22. Nxg7 Kxg7 23. c4 c5 24. Nf3 Rxe1+ 25. Rxe1 Qf8 26. Bb2 Re8 27. Rxe8 Qxe8 28. Bxf6+ Kxf6 29. Qc3+ Ke7 30. Qg7+ Kd8 31. Qxh6 Qe3+ 32. Kh1 Qc1+ 33. Ng1 Qxc4 34. Qf8+ Kc7 35. b6+ axb6 36. axb6+ Kxb6 37. Qd8+ Ka6 38. Qxd7 b5 39. Qxd6+ Ka5 40. Qc7+ Kb4 41. Qxh7 Qd3 42. Qe7 Qd2 43. h4 Qf2 44. Kh2 Kb3 45. Qe6+ c4 46. Nf3 Qc5 47. Ne5 Ka3 48. Qa6+ Kb2 49. Qxg6 b4 50. Qe4 1-0

[Event "Wch Seniors 50 25th"]
[Site "Acqui Terme"]
[Date "2015.11.12"]
[Round "3"]
[White "Nikolic, Predrag"]
[Black "Julia, Ernesto"]
[Result "1-0"]
[WhiteElo "2603"]
[BlackElo "2356"]
[PlyCount "81"]
[EventDate "2015.11.10"]
[EventType "swiss"]
[EventRounds "11"]
[EventCountry "ITA"]
[SourceTitle "CBM 169 Extra"]
[Source "ChessBase"]
[SourceDate "2015.12.18"]
[SourceVersion "1"]
[SourceVersionDate "2015.12.18"]
[SourceQuality "1"]

1. Nf3 Nf6 2. c4 g6 3. g3 Bg7 4. Bg2 0-0 5. d4 d6 6. 0-0 Nbd7 7. Nc3 e5 8. e4 c6 9. b3 exd4 10. Nxd4 Re8 11. h3 Nc5 12. Re1 a5 13. Rb1 Nfd7 14. Be3 Nf8 15. Qd2 Be6 16. f4 Qe7 17. Bf2 Rad8 18. a3 Bc8 19. b4 axb4 20. axb4 Nce6 21. Nf3 Nc7 22. Rbd1 Be6 23. Nd5 cxd5 24. exd5 Qd7 25. dxe6 Ncxe6 26. Qd3 Qc7 27. Nd2 b5 28. cxb5 Qc3 29. Qxc3 Bxc3 30. Re3 Bxb4 31. Ne4 Kg7 32. Red3 Re7 33. b6 Red7 34. Rd5 f5 35. Rb1 Bc5 36. Nxc5 dxc5 37. b7 Rb8 38. Rxc5 Nxc5 39. Bxc5 Rdd8 40. Ba7 Nd7 41. Rd1 1-0

[Event "ARG-ch sf 90th"]
[Site "Buenos Aires"]
[Date "2015.08.26"]
[Round "9"]
[White "Julia, Ernesto"]
[Black "Fell, Sebastian"]
[Result "1/2-1/2"]
[WhiteElo "2357"]
[BlackElo "2295"]
[PlyCount "46"]
[EventDate "2015.08.20"]
[EventType "swiss"]
[EventRounds "9"]
[EventCountry "ARG"]
[SourceTitle "EXT 2016"]
[Source "ChessBase"]
[SourceDate "2015.10.08"]
[SourceVersion "1"]
[SourceVersionDate "2015.10.08"]
[SourceQuality "1"]

1. b4 e5 2. Bb2 Bxb4 3. Bxe5 Nf6 4. Nf3 0-0 5. e3 Nc6 6. Bb2 d5 7. Be2 Re8 8. 0-0 Bd6 9. d3 Qe7 10. Nbd2 Bf5 11. Re1 Rad8 12. a3 Ng4 13. Bf1 Nce5 14. Nxe5 Nxe5 15. h3 c6 16. f4 Ng6 17. Nf3 Qc7 18. g3 f6 19. Bg2 Re7 20. Qd2 Bc8 21. Re2 Rde8 22. Rae1 Bc5 23. a4 Qb6 1/2-1/2

[Event "ARG-ch sf 90th"]
[Site "Buenos Aires"]
[Date "2015.08.22"]
[Round "4"]
[White "Julia, Ernesto"]
[Black "Quiroga, Facundo"]
[Result "1/2-1/2"]
[WhiteElo "2357"]
[BlackElo "2283"]
[PlyCount "41"]
[EventDate "2015.08.20"]
[EventType "swiss"]
[EventRounds "9"]
[EventCountry "ARG"]
[SourceTitle "EXT 2016"]
[Source "ChessBase"]
[SourceDate "2015.10.08"]
[SourceVersion "1"]
[SourceVersionDate "2015.10.08"]
[SourceQuality "1"]

1. Nf3 Nf6 2. c4 e6 3. g3 b6 4. Bg2 Bb7 5. 0-0 Be7 6. d4 0-0 7. Nc3 Ne4 8. Bd2 Nxd2 9. Qxd2 d6 10. d5 e5 11. e4 a5 12. Ne1 Na6 13. Nd3 Nc5 14. b3 Bg5 15. Qc2 Bh6 16. Bh3 g6 17. Rae1 Bc8 18. Bxc8 Qxc8 19. Kg2 Nxd3 20. Qxd3 f5 21. f3 1/2-1/2

[Event "ARG-ch 87th"]
[Site "Villa Martelli"]
[Date "2013.04.06"]
[Round "4"]
[White "Montoro, Gustavo Ernesto"]
[Black "Julia, Ernesto"]
[Result "0-1"]
[WhiteElo "2050"]
[BlackElo "2374"]
[PlyCount "84"]
[EventDate "2013.04.03"]
[EventType "swiss"]
[EventRounds "11"]
[EventCountry "ARG"]
[SourceTitle "CBM 153 Extra"]
[Source "ChessBase"]
[SourceDate "2013.04.22"]
[SourceVersion "1"]
[SourceVersionDate "2013.04.22"]
[SourceQuality "1"]

1. e4 c6 2. d4 d5 3. exd5 cxd5 4. c4 Nf6 5. Nc3 g6 6. cxd5 Bg7 7. Bc4 0-0 8. Nf3 Nbd7 9. Ne5 Nb6 10. Bb3 Nbxd5 11. 0-0 Be6 12. Re1 Qd6 13. Bg5 Rad8 14. Qd2 Nc7 15. Bf4 Qb6 16. Na4 Qxd4 17. Qxd4 Rxd4 18. Nxg6 hxg6 19. Bxc7 Bxb3 20. axb3 Nd5 21. Ba5 e6 22. Nc3 b6 23. Nxd5 Rxd5 24. Bc3 a5 25. b4 axb4 26. Bxb4 Rc8 27. Re2 Rb5 28. Ba3 Rb3 29. Kf1 b5 30. Re3 Rxe3 31. fxe3 Rc2 32. Rb1 Be5 33. h3 Kg7 34. b3 Kf6 35. Bb4 Kf5 36. Ba5 Ke4 37. Bb6 Bg3 38. Rd1 e5 39. Rd7 f5 40. Rd6 Rf2+ 41. Kg1 Re2 42. Rd1 Rb2 0-1

[Event "ARG-ch 87th"]
[Site "Villa Martelli"]
[Date "2013.04.04"]
[Round "2"]
[White "Flores, Diego"]
[Black "Julia, Ernesto"]
[Result "1-0"]
[WhiteElo "2600"]
[BlackElo "2374"]
[PlyCount "73"]
[EventDate "2013.04.03"]
[EventType "swiss"]
[EventRounds "11"]
[EventCountry "ARG"]
[SourceTitle "CBM 153 Extra"]
[Source "ChessBase"]
[SourceDate "2013.04.22"]
[SourceVersion "1"]
[SourceVersionDate "2013.04.22"]
[SourceQuality "1"]

1. c4 e5 2. e3 Nf6 3. a3 c6 4. Nf3 e4 5. Nd4 g6 6. d3 exd3 7. Bxd3 Bg7 8. 0-0 d6 9. Nc3 0-0 10. b4 c5 11. Nb3 Nc6 12. bxc5 dxc5 13. Nxc5 Ng4 14. N5a4 Qh4 15. h3 Nge5 16. Be4 Bg4 17. Qe1 Nf3+ 18. gxf3 Bxh3 19. f4 Qg4+ 20. Kh2 Rfe8 21. Rg1 Qh5 22. Rg5 Qh4 23. Bg2 Ne5 24. Rxe5 Bf5+ 25. Kg1 Rxe5 26. fxe5 Bxe5 27. Bb2 Qh2+ 28. Kf1 Bh3 29. Bxh3 Qxh3+ 30. Ke2 Qg4+ 31. Kd3 Rd8+ 32. Kc2 Qxc4 33. Qe2 Qc8 34. Rd1 Rxd1 35. Kxd1 a6 36. Nd5 Qd8 37. Ke1 1-0

[Event "ARG-ch 86th"]
[Site "La Plata"]
[Date "2012.07.09"]
[Round "7"]
[White "Gaitan, Juan Manuel"]
[Black "Julia, Ernesto"]
[Result "1/2-1/2"]
[WhiteElo "2283"]
[BlackElo "2359"]
[PlyCount "72"]
[EventDate "2012.07.04"]
[EventType "swiss"]
[EventRounds "11"]
[EventCountry "ARG"]
[SourceTitle "CBM 149 Extra"]
[Source "ChessBase"]
[SourceDate "2012.08.24"]
[SourceVersion "1"]
[SourceVersionDate "2012.08.24"]
[SourceQuality "1"]

1. d4 f5 2. g3 g6 3. Bg2 Bg7 4. Nh3 d6 5. d5 c5 6. Nf4 Nh6 7. h4 Ng4 8. h5 Ne5 9. hxg6 hxg6 10. Rxh8+ Bxh8 11. e4 Na6 12. Nxg6 Nxg6 13. Qh5 fxe4 14. Qxg6+ Kd7 15. Qxe4 Kc7 16. c3 Qf8 17. Na3 Bd7 18. Qe2 Re8 19. Be3 Kb8 20. Nc4 Nc7 21. a4 b6 22. Qc2 Ka8 23. a5 b5 24. Nb6+ axb6 25. axb6+ Kb7 26. bxc7 Ra8 27. Qd1 c4 28. Rc1 Kxc7 29. b3 Qf5 30. Bf1 Ra3 31. bxc4 Bxc3+ 32. Rxc3 Rxc3 33. Qa1 Qe5 34. Qa5+ Kc8 35. Qa8+ Kc7 36. Qa5+ Kc8 1/2-1/2

[Event "Montevideo George Williams 1st"]
[Site "Montevideo"]
[Date "2011.12.16"]
[Round "8"]
[White "Lopez Azambuja, Nicolas"]
[Black "Julia, Ernesto"]
[Result "1/2-1/2"]
[WhiteElo "2166"]
[BlackElo "2373"]
[PlyCount "116"]
[EventDate "2011.12.10"]
[EventType "tourn"]
[EventRounds "11"]
[EventCountry "URU"]
[EventCategory "2"]
[SourceTitle "EXT 2013"]
[Source "ChessBase"]
[SourceDate "2012.11.22"]
[SourceVersion "1"]
[SourceVersionDate "2012.11.22"]
[SourceQuality "1"]

1. d4 Nf6 2. c4 e6 3. Nc3 Bb4 4. Qc2 0-0 5. a3 Bxc3+ 6. Qxc3 b6 7. Bg5 Ba6 8. Qf3 Nc6 9. e3 Bb7 10. Qd1 d6 11. Ne2 Nb8 12. Nc3 Nbd7 13. Qc2 c5 14. Rd1 Qe7 15. d5 a6 16. a4 h6 17. Bh4 Ne5 18. Be2 Ng6 19. Bxf6 Qxf6 20. Ne4 Qe7 21. 0-0 Rad8 22. dxe6 Qxe6 23. Nc3 Nh4 24. Nd5 Rb8 25. Rd2 b5 26. axb5 axb5 27. Nf4 Qe5 28. cxb5 g5 29. Nd3 Qe6 30. Ne1 Be4 31. Qc4 Qxc4 32. Bxc4 Bxg2 33. Rxd6 Bxf1 34. Kxf1 Kg7 35. Nd3 Rfd8 36. Rxd8 Rxd8 37. Nxc5 Rb8 38. Nd7 Rb7 39. Nc5 Rb8 40. Na6 Rb6 41. Nc7 Nf5 42. Nd5 Rb8 43. Nc3 Nd6 44. Bd3 Kf6 45. f4 Ke6 46. Kf2 Nc8 47. Bc4+ Kf6 48. Kf3 Nb6 49. Bd3 gxf4 50. exf4 Ke6 51. Ke4 Rd8 52. Ne2 f5+ 53. Ke3 Nd5+ 54. Kf3 Nb6 55. Ke3 Nd5+ 56. Kf3 Nb6 57. Ke3 Nd5+ 58. Kf3 Nb6 1/2-1/2

[Event "Montevideo George Williams 1st"]
[Site "Montevideo"]
[Date "2011.12.10"]
[Round "2"]
[White "Julia, Ernesto"]
[Black "Garcia Palermo, Carlos H"]
[Result "1/2-1/2"]
[WhiteElo "2373"]
[BlackElo "2488"]
[PlyCount "32"]
[EventDate "2011.12.10"]
[EventType "tourn"]
[EventRounds "11"]
[EventCountry "URU"]
[EventCategory "2"]
[SourceTitle "EXT 2013"]
[Source "ChessBase"]
[SourceDate "2012.11.22"]
[SourceVersion "1"]
[SourceVersionDate "2012.11.22"]
[SourceQuality "1"]

1. Nf3 Nf6 2. g3 b6 3. Bg2 Bb7 4. c4 e6 5. 0-0 Be7 6. d4 c6 7. Nc3 d5 8. cxd5 cxd5 9. Bg5 Nc6 10. Rc1 Rc8 11. Ne5 0-0 12. Bxf6 Bxf6 13. Nxc6 Rxc6 14. Qd2 Qd7 15. a3 Rfc8 16. Na2 g6 1/2-1/2